| 000 | 00398nam a2200145Ia 4500 | ||
|---|---|---|---|
| 008 | 251122s9999||||xx |||||||||||||| ||und|| | ||
| 020 | _a9.7893599844e+012 | ||
| 082 |
_a621.38076 _bGOE/G |
||
| 100 | _aGoel, Ankit | ||
| 245 | 0 | _aGATE Tutor 2025 Electronic & Communication Engineering | |
| 250 | _a1st Ed. | ||
| 260 |
_aNew Delhi _bArihant Publication Ltd. _c2025 |
||
| 300 | _a1150p. | ||
| 942 | _cBK | ||
| 999 |
_c50285 _d50285 |
||